Tilastot visalle Valtioiden muotoja lipuilla #6

Klikkaa tästä pelataksesi tätä visaa!

Yleistilastot

  • Tätä visaa on pelattu 404 kertaa
  • Keskiarvotulos 12 / 16

Vastaustilastot

Vastaus% Oikein
Islanti
100%
Sveitsi
98%
Puola
92%
Japani
90%
Vietnam
87%
Bosnia ja Hertsegovina
85%
Kuuba
82%
Tunisia
81%
Etelä-Korea
76%
Norsunluurannikko
75%
Azerbaidžan
73%
Mosambik
68%
Gambia
63%
Saint Lucia
62%
Dominica
54%
Vanuatu
42%

Tulosjakauma

Persentiili vastausten määrän mukaan

Jokaisen tuloksen saaneiden osuus

Tuloshistoriasi

Et ole pelannut tätä visaa